Szczegóły MARC21

Zeiten-Wende : ein dramaturgischer Essay zu Hebbels "Nibelungen" : aus Anlass der Inszenierung von Peter Schweiger in St. Gallen /

003 -Nazwa inst., której nr kontr. jest w polu 001 [,]
    • @
    • Nazwa instytucji, której n kontrolny jest w polu 001
    • NUKAT
005 -DATA I CZAS OSTATNIEJ MODYFIKACJI [,]
    • @
    • pole kontrolne
    • 20241231095849.0
020 -Międzynarod. znormalizowany nr książki - ISBN [ , ]
    • a
    • Numer ISBN
    • 3895284645 Find
040 -Instytucja sporządzająca opis [ , ]
    • a
    • Instytucja, która sporządziła opis (NP)
    • SZCZ U/AB
    • b
    • Język katalogowania
    • pol
    • e
    • Zasady katalogowania
    • rda
    • c
    • Instytucja, która sporządziła rekord (NP)
    • SZCZ U/ABs
942 -Rodzaj dokumentu [ , ]
    • c
    • Rodzaj dokumentu
    • Książka
100 -Hasło główne - nazwa osobowa [1, ]
    • a
    • Nazwa osobowa (NP)
    • Holz, Hans Heinz
    • d
    • Daty biograficzne (NP)
    • (1927-2011).
    • e
    • Rodzaj współpracy
    • Autor
    • 9
    • KHW
    • 589264
245 -Strefa tytułu i oznaczenia odpowiedzialności [1,0]
    • a
    • Tytuł
    • Zeiten-Wende : Find
    • b
    • Ciąg dalszy tytułu (NP)
    • ein dramaturgischer Essay zu Hebbels "Nibelungen" : aus Anlass der Inszenierung von Peter Schweiger in St. Gallen / Find
    • c
    • Pozostałe elementy strefy tytułu i oznaczenia odpowiedzialności (NP)
    • Hans Heinz Holz ; herausgegeben von Silvia Markun.
260 -Strefa adresu wydawniczego [ , ]
    • a
    • Miejsce wydania (P)
    • Bielefeld :
    • b
    • Nazwa wydawcy (P)
    • Aisthesis Verlag,
    • c
    • Data wydania (P)
    • 2004.
300 -Strefa opisu fizycznego [ , ]
    • a
    • Określenie formy książki i/lub objętość (NP)
    • 75 stron :
    • b
    • Oznaczenie ilustracji (NP)
    • ilustracje ;
    • c
    • Format (NP)
    • 21 cm.
336 -Typ zawartości [ , ]
    • a
    • Termin opisujący typ zawartości
    • Tekst
    • b
    • Kod określający zawartość
    • txt
    • 2
    • Źródło (terminu i kodu)
    • rdacontent
337 -Typ mediów [ , ]
    • a
    • Tryb odtwarzania
    • Bez urządzenia pośredniczącego
    • b
    • Kod typu mediów
    • n
    • 2
    • Źródło (terminu i kodu)
    • rdamedia
338 -Typ/rodzaj nośnika [ , ]
    • a
    • Hasło opisujące typ nośnika
    • Wolumin
    • b
    • Kod typu nośnika
    • nc
    • 2
    • Źródło (terminu i kodu)
    • rdacarrier
380 -Deskryptor - Forma dzieła (P) [ , ]
    • a
    • forma dzieła (NP)
    • Literatura faktu, eseje, publicystyka
490 -Strefa serii i książki wielotomowej - forma nie do wyszukiwania [1, ]
    • a
    • Tytuł (P)
    • Aisthesis-Essay ; Find
    • v
    • Numeracja (P)
    • Bd. 19
830 -Hasło dodatkowe serii i opisu książki wielotomowej - tytuł ujednolicony/tytuł [ ,0]
    • a
    • Tytuł ujednolicony/tytuł (NP)
    • Aisthesis-Essay
    • v
    • Oznaczenie tomu (NP)
    • Bd. 19
    • 9
    • KHW
    • 413539
080 -Uniwersalna Klasyfikacja Dziesiętna [ , ]
    • a
    • Symbol klasyfikacji
    • 830(091)-1"18"Hebbel C.F.=30
080 -Uniwersalna Klasyfikacja Dziesiętna [ , ]
    • a
    • Symbol klasyfikacji
    • :792(430)=30
600 -Hasło przedmiotowe w formie nazwy osobowej [1,7]
    • a
    • Nazwa osobowa
    • Hebbel, Friedrich
    • d
    • Daty związane z nazwą
    • (1813-1863).
    • t
    • Tytuł
    • Nibelungen
    • 2
    • Źródło terminu
    • kaba
    • 9
    • KHW
    • 638572
600 -Hasło przedmiotowe w formie nazwy osobowej [1,7]
    • a
    • Nazwa osobowa
    • Hebbel, Friedrich
    • d
    • Daty związane z nazwą
    • (1813-1863)
    • x
    • Określnik rzeczowy
    • krytyka i interpretacja.
    • 2
    • Źródło terminu
    • kaba
    • 9
    • KHW
    • 449708
655 -Hasło w funkcji tematu formalnego [ ,7]
    • a
    • Hasło
    • Eseje niemieckie
    • y
    • Określnik chronologiczny
    • 1990-.
    • 2
    • Źródło terminu
    • kaba
    • 9
    • KHW
    • 457243
980 -Symbol UKD [ , ]
    • a
    • UKD
    • 830(091)-1"18"Hebbel C.F.:792(430)]=30
700 -Hasło dodatkowe - nazwa osobowa [1, ]
    • a
    • Nazwa osobowa (NP)
    • Markun, Silvia. Find
    • e
    • Określenie rodzaju współpracy
    • Redakcja
    • 9
    • KHW
    • 638504
710 -Hasło dodatkowe - nazwa ciała zbiorowego [2, ]
    • a
    • Nazwa ciała zbiorowego lub nazwa geograficzna jako pierwszy element (NP)
    • Aisthesis Verlag.
    • e
    • Rodzaj współpracy
    • Wydawca
    • 4
    • Kod relacji
    • pbl
    • 9
    • KHW
    • 404052
920 -ISBN [ , ]
    • a
    • ISBN
    • 3-89528-464-5 Find
Numer inwentarzowy Lokalizacja Data inwentaryzacji Status udost. Sygnatura
G.18282BM2006-05-15-3Germ. Literaturozn. - Hebbel 04